000 00475nam a22001697a 4500
005 20250317122637.0
008 250317b |||||||| |||| 00| 0 eng d
020 _a9780072820928
050 _aHM586
_b.S33 SCH
100 _aSchaefer Richard T.
245 _aSociology
_cRichard T. Schaefer
250 _a8th Ed.
260 _aBoston
_bMcGraw-Hill
_c2003
300 _axxxiii. (various pagings)
_bill. (some col.)
_c27 cm
650 _2Sociology
942 _2lcc
_cBK
_e8th Ed.
_n0
999 _c4874
_d4874